[Event "WCO2014"]
[Site "Tromso"]
[Date "2014.08.09"]
[Round "7.17"]
[WhiteID "405094"]
[White "Houska Jovanka"]
[BlackID "12400980"]
[Black "Nguyen Thu Giang"]
[Result "0-1"]
[LiveChessVersion "1.4.3"]
[BlackElo "2165"]
[WhiteElo "2401"]

1. d4 {[%clk 1:30:47]} Nf6 {[%clk 1:30:52]} 2. Nf3 {[%clk 1:30:55]} e6
{[%clk 1:31:16]} 3. c4 {[%clk 1:30:57]} b6 {[%clk 1:31:31]} 4. g3
{[%clk 1:30:51]} Bb7 {[%clk 1:31:54]} 5. Bg2 {[%clk 1:30:50]} Be7
{[%clk 1:32:17]} 6. O-O {[%clk 1:31:08]} O-O {[%clk 1:32:33]} 7. Re1
{[%clk 1:31:30]} c5 {[%clk 1:31:27]} 8. d5 {[%clk 1:28:24]} exd5 {[%clk 1:31:26]}
9. Nh4 {[%clk 1:28:02]} Ne4 {[%clk 1:31:34]} 10. cxd5 {[%clk 1:19:24]} Bxh4
{[%clk 1:31:48]} 11. Bxe4 {[%clk 1:19:42]} Bf6 {[%clk 1:32:08]} 12. Nc3
{[%clk 1:18:55]} d6 {[%clk 1:30:44]} 13. Bg2 {[%clk 1:14:22]} Na6
{[%clk 1:06:07]} 14. e4 {[%clk 1:11:24]} Re8 {[%clk 1:04:17]} 15. Be3
{[%clk 1:04:29]} Qd7 {[%clk 1:03:21]} 16. Qd2 {[%clk 0:57:12]} Nb4
{[%clk 0:52:44]} 17. Ne2 {[%clk 0:52:42]} Qa4 {[%clk 0:42:09]} 18. Rec1
{[%clk 0:37:44]} Rac8 {[%clk 0:37:10]} 19. a3 {[%clk 0:26:37]} Na6
{[%clk 0:34:20]} 20. g4 {[%clk 0:26:53]} g6 {[%clk 0:33:46]} 21. Bg5
{[%clk 0:22:42]} Bg7 {[%clk 0:31:32]} 22. Nc3 {[%clk 0:20:17]} Qd7
{[%clk 0:30:50]} 23. h3 {[%clk 0:20:37]} b5 {[%clk 0:26:22]} 24. Bh6
{[%clk 0:18:28]} Bh8 {[%clk 0:22:50]} 25. a4 {[%clk 0:15:53]} b4 {[%clk 0:19:20]}
26. Nd1 {[%clk 0:14:52]} Nb8 {[%clk 0:10:13]} 27. Ne3 {[%clk 0:15:03]} Qe7
{[%clk 0:10:01]} 28. Bf4 {[%clk 0:14:32]} Ba6 {[%clk 0:09:55]} 29. Bg3
{[%clk 0:12:27]} Nd7 {[%clk 0:09:39]} 30. f4 {[%clk 0:12:19]} Bd4
{[%clk 0:09:35]} 31. Kh2 {[%clk 0:12:41]} Nf6 {[%clk 0:07:58]} 32. Re1
{[%clk 0:04:47]} Nxe4 {[%clk 0:05:03]} 33. Bxe4 {[%clk 0:04:13]} Qxe4
{[%clk 0:05:16]} 34. Nf5 {[%clk 0:04:23]} Qxd5 {[%clk 0:05:27]} 35. Nxd4
{[%clk 0:04:42]} cxd4 {[%clk 0:05:10]} 36. f5 {[%clk 0:04:33]} f6
{[%clk 0:04:08]} 37. fxg6 {[%clk 0:01:05]} hxg6 {[%clk 0:04:27]} 38. Bf2
{[%clk 0:01:03]} d3 {[%clk 0:04:10]} 39. Rxe8+ {[%clk 0:00:39]} Rxe8
{[%clk 0:04:36]} 40. Re1 {[%clk 0:01:08]} Rxe1 {[%clk 0:01:41]} 41. Qxe1
{[%clk 0:26:39]} Kf7 {[%clk 0:32:07]} 42. Be3 {[%clk 0:27:02]} Qe5+
{[%clk 0:32:12]} 43. Kg1 {[%clk 0:26:52]} Bb7 {[%clk 0:31:12]} 44. Qf2
{[%clk 0:24:26]} Qe4 {[%clk 0:28:34]} 45. Kh2 {[%clk 0:24:48]} a6
{[%clk 0:24:30]} 46. Kg3 {[%clk 0:22:03]} Ke6 {[%clk 0:22:08]} 47. h4
{[%clk 0:20:05]} Bc6 {[%clk 0:21:12]} 48. a5 {[%clk 0:17:33]} f5 {[%clk 0:15:08]}
49. gxf5+ {[%clk 0:16:49]} gxf5 {[%clk 0:15:13]} 50. Bf4 {[%clk 0:17:06]} Be8
{[%clk 0:11:09]} 51. Qb6 {[%clk 0:16:02]} Bc6 {[%clk 0:10:27]} 52. Qf2
{[%clk 0:16:27]} b3 {[%clk 0:08:22]} 53. h5 {[%clk 0:16:10]} Kf6 {[%clk 0:08:05]}
54. h6 {[%clk 0:16:05]} Kg6 {[%clk 0:08:11]} 55. Qg1 {[%clk 0:12:46]} Kh7
{[%clk 0:07:20]} 56. Qf2 {[%clk 0:10:53]} Qh1 {[%clk 0:06:27]} 57. Bd2
{[%clk 0:05:04]} Kg6 {[%clk 0:05:23]} 58. Qf4 {[%clk 0:04:42]} Qg2+
{[%clk 0:05:06]} 59. Kh4 {[%clk 0:05:09]} Qh1+ {[%clk 0:05:04]} 60. Kg3
{[%clk 0:05:36]} Qg2+ {[%clk 0:04:38]} 61. Kh4 {[%clk 0:06:03]} Qe4
{[%clk 0:04:41]} 62. Kg3 {[%clk 0:06:13]} Qe5 {[%clk 0:03:05]} 63. Kh3
{[%clk 0:05:19]} Bd7 {[%clk 0:02:17]} 64. Qg5+ {[%clk 0:04:20]} Kf7
{[%clk 0:02:14]} 65. Qh5+ {[%clk 0:03:26]} Kf8 {[%clk 0:02:13]} 66. h7
{[%clk 0:01:14]} f4+ {[%clk 0:02:29]} 67. Kh4 {[%clk 0:01:42]} Qe7+
{[%clk 0:02:34]} 68. Qg5 {[%clk 0:00:59]} Qxh7+ {[%clk 0:02:59]} 69. Qh5
{[%clk 0:01:24]} Qxh5+ {[%clk 0:03:22]} 70. Kxh5 {[%clk 0:01:41]} f3
{[%clk 0:03:48]} 0-1

[Event "WCO2014"]
[Site "Tromso"]
[Date "2014.08.09"]
[Round "7.18"]
[WhiteID "3200795"]
[White "Guo Emma"]
[BlackID "4301498"]
[Black "Maroroa Sue"]
[Result "0-1"]
[LiveChessVersion "1.4.3"]
[BlackElo "2120"]
[WhiteElo "2044"]

1. d4 {[%clk 1:30:57]} Nf6 {[%clk 1:30:55]} 2. c4 {[%clk 1:31:20]} g6
{[%clk 1:31:15]} 3. Nc3 {[%clk 1:31:35]} Bg7 {[%clk 1:31:40]} 4. e4
{[%clk 1:31:59]} d6 {[%clk 1:32:02]} 5. h3 {[%clk 1:32:24]} O-O {[%clk 1:32:14]}
6. Bg5 {[%clk 1:32:41]} Qe8 {[%clk 1:31:10]} 7. Be2 {[%clk 1:29:29]} Na6
{[%clk 1:30:50]} 8. g4 {[%clk 1:25:01]} c5 {[%clk 1:28:40]} 9. d5
{[%clk 1:25:04]} Nc7 {[%clk 1:24:55]} 10. Nf3 {[%clk 1:21:32]} b5
{[%clk 1:17:58]} 11. cxb5 {[%clk 1:17:23]} Rb8 {[%clk 1:18:22]} 12. Qc2
{[%clk 1:14:34]} a6 {[%clk 1:12:34]} 13. Bxf6 {[%clk 0:58:10]} Bxf6
{[%clk 1:11:59]} 14. bxa6 {[%clk 0:57:31]} Bxa6 {[%clk 1:11:17]} 15. O-O
{[%clk 0:54:59]} Qc8 {[%clk 1:07:00]} 16. e5 {[%clk 0:45:31]} dxe5
{[%clk 1:01:14]} 17. Ne4 {[%clk 0:42:50]} Bxe2 {[%clk 1:00:59]} 18. Qxe2
{[%clk 0:41:14]} Nxd5 {[%clk 1:01:23]} 19. Rfc1 {[%clk 0:33:00]} Nf4
{[%clk 0:56:06]} 20. Qf1 {[%clk 0:33:26]} Rxb2 {[%clk 0:51:58]} 21. Rxc5
{[%clk 0:32:03]} Qa8 {[%clk 0:52:05]} 22. Re1 {[%clk 0:29:24]} Qa3
{[%clk 0:50:03]} 23. Re3 {[%clk 0:25:18]} Qxa2 {[%clk 0:50:24]} 24. Nxe5
{[%clk 0:24:17]} Rb1 {[%clk 0:49:25]} 25. Re1 {[%clk 0:23:05]} Rfb8
{[%clk 0:37:48]} 26. Kh2 {[%clk 0:12:18]} Ne6 {[%clk 0:26:00]} 27. Nc3
{[%clk 0:05:26]} Rxe1 {[%clk 0:25:28]} 28. Qxe1 {[%clk 0:05:52]} Qa7
{[%clk 0:24:49]} 29. Rd5 {[%clk 0:04:54]} Nf4 {[%clk 0:17:15]} 30. Rd7
{[%clk 0:02:53]} Qc5 {[%clk 0:11:53]} 31. Ne4 {[%clk 0:00:42]} Qxe5
{[%clk 0:11:03]} 0-1

[Event "WCO2014"]
[Site "Tromso"]
[Date "2014.08.09"]
[Round "7.19"]
[WhiteID "422894"]
[White "Kalaiyalahan Akshaya"]
[BlackID "3200493"]
[Black "Dekic Biljana N."]
[Result "0-1"]
[LiveChessVersion "1.4.3"]
[BlackElo "2048"]
[WhiteElo "2016"]

1. d4 {[%clk 1:30:57]} Nf6 {[%clk 1:30:53]} 2. Nf3 {[%clk 1:31:20]} e6
{[%clk 1:30:57]} 3. c4 {[%clk 1:31:40]} d5 {[%clk 1:27:51]} 4. g3
{[%clk 1:31:38]} Be7 {[%clk 1:27:04]} 5. Bg2 {[%clk 1:31:59]} dxc4
{[%clk 1:25:06]} 6. Qa4+ {[%clk 1:31:44]} Nbd7 {[%clk 1:25:26]} 7. Qxc4
{[%clk 1:31:11]} O-O {[%clk 1:24:50]} 8. O-O {[%clk 1:31:31]} a6 {[%clk 1:23:51]}
9. Qc2 {[%clk 1:26:11]} Nb6 {[%clk 1:15:02]} 10. Bd2 {[%clk 1:22:48]} Nbd5
{[%clk 1:14:02]} 11. Rc1 {[%clk 1:20:17]} Ne8 {[%clk 1:12:45]} 12. e4
{[%clk 1:17:30]} Nb4 {[%clk 1:12:13]} 13. Qb3 {[%clk 1:14:47]} a5
{[%clk 1:08:49]} 14. a3 {[%clk 1:11:29]} a4 {[%clk 1:04:15]} 15. Qe3
{[%clk 1:08:43]} Nc6 {[%clk 1:02:12]} 16. Bc3 {[%clk 1:04:31]} Na5
{[%clk 1:00:04]} 17. Nbd2 {[%clk 1:04:42]} Nd6 {[%clk 0:58:04]} 18. Bf1
{[%clk 0:54:19]} Bd7 {[%clk 0:54:27]} 19. Bb4 {[%clk 0:52:12]} Nc6
{[%clk 0:52:07]} 20. Bc3 {[%clk 0:49:06]} Na5 {[%clk 0:47:43]} 21. Ne5
{[%clk 0:46:21]} Bb5 {[%clk 0:45:15]} 22. Bg2 {[%clk 0:42:18]} f6
{[%clk 0:44:30]} 23. Bxa5 {[%clk 0:42:09]} Rxa5 {[%clk 0:44:43]} 24. Nd3
{[%clk 0:38:39]} Bxd3 {[%clk 0:36:10]} 25. Qxd3 {[%clk 0:39:04]} c6
{[%clk 0:34:42]} 26. b4 {[%clk 0:33:44]} Ra8 {[%clk 0:31:04]} 27. Bh3
{[%clk 0:25:39]} f5 {[%clk 0:30:17]} 28. exf5 {[%clk 0:19:05]} Nxf5
{[%clk 0:26:30]} 29. Nf3 {[%clk 0:14:27]} Qd5 {[%clk 0:20:12]} 30. Bg2
{[%clk 0:14:38]} Qd7 {[%clk 0:20:20]} 31. Rd1 {[%clk 0:14:10]} Rad8
{[%clk 0:18:48]} 32. Qc2 {[%clk 0:13:12]} Bf6 {[%clk 0:18:18]} 33. Ne5
{[%clk 0:07:39]} Qd6 {[%clk 0:16:41]} 34. Be4 {[%clk 0:06:05]} Nxd4
{[%clk 0:07:39]} 35. Bxh7+ {[%clk 0:05:59]} Kh8 {[%clk 0:08:06]} 36. Ng6+
{[%clk 0:03:32]} Kxh7 {[%clk 0:08:30]} 37. Nxf8+ {[%clk 0:03:41]} Kg8
{[%clk 0:08:53]} 38. Qh7+ {[%clk 0:02:40]} Kxf8 {[%clk 0:09:08]} 39. Qe4
{[%clk 0:01:22]} Kf7 {[%clk 0:07:33]} 40. f4 {[%clk 0:00:53]} Qc7
{[%clk 0:04:59]} 41. Re1 {[%clk 0:00:32]} Qd7 {[%clk 0:03:20]} 42. Rad1
{[%clk 0:28:43]} Qd5 {[%clk 0:33:40]} 43. Qe3 {[%clk 0:26:50]} Nf3+
{[%clk 0:33:06]} 44. Kf2 {[%clk 0:26:56]} Bd4 {[%clk 0:33:15]} 45. Rxd4
{[%clk 0:25:55]} Nxd4 {[%clk 0:33:14]} 0-1

[Event "WCO2014"]
[Site "Tromso"]
[Date "2014.08.09"]
[Round "7.20"]
[WhiteID "3206718"]
[White "Yu Sally"]
[BlackID "403644"]
[Black "James Ann-Marie"]
[Result "1/2-1/2"]
[LiveChessVersion "1.4.3"]
[BlackElo "2095"]
[WhiteElo "1953"]

1. e4 {[%clk 1:30:57]} e5 {[%clk 1:30:41]} 2. Nf3 {[%clk 1:31:10]} Nc6
{[%clk 1:30:52]} 3. Bb5 {[%clk 1:31:17]} a6 {[%clk 1:31:03]} 4. Ba4
{[%clk 1:31:40]} Nf6 {[%clk 1:30:54]} 5. O-O {[%clk 1:31:57]} Be7
{[%clk 1:30:04]} 6. Re1 {[%clk 1:31:59]} b5 {[%clk 1:29:13]} 7. Bb3
{[%clk 1:32:23]} d6 {[%clk 1:29:29]} 8. h3 {[%clk 1:32:20]} Na5 {[%clk 1:28:17]}
9. c3 {[%clk 1:31:46]} Nxb3 {[%clk 1:28:28]} 10. Qxb3 {[%clk 1:31:08]} O-O
{[%clk 1:25:19]} 11. d4 {[%clk 1:29:25]} Bb7 {[%clk 1:18:26]} 12. Nbd2
{[%clk 1:27:04]} exd4 {[%clk 1:17:02]} 13. cxd4 {[%clk 1:26:11]} d5
{[%clk 1:16:23]} 14. e5 {[%clk 1:22:57]} Ne4 {[%clk 1:15:57]} 15. e6
{[%clk 1:15:02]} fxe6 {[%clk 1:03:44]} 16. Nxe4 {[%clk 1:13:13]} dxe4
{[%clk 1:04:06]} 17. Qxe6+ {[%clk 1:13:29]} Kh8 {[%clk 1:04:08]} 18. Ne5
{[%clk 1:13:04]} Bb4 {[%clk 0:52:03]} 19. Rf1 {[%clk 1:03:39]} Qd5
{[%clk 0:44:08]} 20. Qxd5 {[%clk 1:00:23]} Bxd5 {[%clk 0:41:44]} 21. Be3
{[%clk 0:59:53]} Bd6 {[%clk 0:39:10]} 22. Rfc1 {[%clk 0:55:49]} Rae8
{[%clk 0:38:08]} 23. Rc2 {[%clk 0:54:00]} Kg8 {[%clk 0:33:53]} 24. Bd2
{[%clk 0:50:10]} Re7 {[%clk 0:28:24]} 25. Nc6 {[%clk 0:38:24]} Ref7
{[%clk 0:27:40]} 26. Be3 {[%clk 0:38:37]} Bc4 {[%clk 0:20:35]} 27. Ne5
{[%clk 0:37:19]} Bxe5 {[%clk 0:19:48]} 28. dxe5 {[%clk 0:37:43]} Bd5
{[%clk 0:13:54]} 29. a3 {[%clk 0:35:28]} Re8 {[%clk 0:13:47]} 30. Bd4
{[%clk 0:30:38]} Re6 {[%clk 0:12:50]} 31. Rac1 {[%clk 0:30:37]} c6
{[%clk 0:12:48]} 32. Re1 {[%clk 0:26:32]} Kf8 {[%clk 0:07:29]} 33. Bc5+
{[%clk 0:25:45]} Kg8 {[%clk 0:07:38]} 34. Bd6 {[%clk 0:26:06]} h5
{[%clk 0:07:01]} 35. Re3 {[%clk 0:26:01]} Rg6 {[%clk 0:06:25]} 36. Kh2
{[%clk 0:23:55]} Rf5 {[%clk 0:05:29]} 37. Rg3 {[%clk 0:22:44]} Rxg3
{[%clk 0:04:49]} 38. Kxg3 {[%clk 0:23:02]} Kf7 {[%clk 0:04:54]} 39. h4
{[%clk 0:19:10]} Ke6 {[%clk 0:04:12]} 40. Re2 {[%clk 0:19:04]} Rf7
{[%clk 0:02:02]} 41. Rc2 {[%clk 0:17:07]} 1/2-1/2

[Event "WCO2014"]
[Site "Tromso"]
[Date "2014.08.09"]
[Round "7.13"]
[WhiteID "5201829"]
[White "Camacho Chardine Cheradee"]
[BlackID "10605908"]
[Black "Mona Khaled"]
[Result "0-1"]
[LiveChessVersion "1.4.3"]
[BlackElo "2169"]
[WhiteElo "2214"]

1. e4 {[%clk 1:30:57]} c6 {[%clk 1:30:40]} 2. d4 {[%clk 1:31:19]} d5
{[%clk 1:31:06]} 3. Nc3 {[%clk 1:31:29]} dxe4 {[%clk 1:31:21]} 4. Nxe4
{[%clk 1:31:52]} Nf6 {[%clk 1:31:48]} 5. Nxf6+ {[%clk 1:32:14]} exf6
{[%clk 1:32:13]} 6. c3 {[%clk 1:32:32]} Bd6 {[%clk 1:32:32]} 7. Bd3
{[%clk 1:32:51]} O-O {[%clk 1:32:40]} 8. Ne2 {[%clk 1:32:47]} Re8
{[%clk 1:32:52]} 9. O-O {[%clk 1:32:23]} Qc7 {[%clk 1:33:13]} 10. Ng3
{[%clk 1:29:43]} g6 {[%clk 1:27:58]} 11. Ne4 {[%clk 1:15:34]} Be7
{[%clk 1:19:22]} 12. Qf3 {[%clk 1:14:08]} Qd8 {[%clk 1:15:06]} 13. Bf4
{[%clk 1:11:20]} f5 {[%clk 1:12:17]} 14. Ng3 {[%clk 1:06:53]} Be6
{[%clk 1:11:15]} 15. Rfe1 {[%clk 1:01:31]} Nd7 {[%clk 1:10:53]} 16. b3
{[%clk 0:51:23]} Qa5 {[%clk 1:07:22]} 17. Bc2 {[%clk 0:44:28]} Bf6
{[%clk 1:04:22]} 18. Ne2 {[%clk 0:35:08]} Bg7 {[%clk 1:01:36]} 19. Bd6
{[%clk 0:26:32]} Bd5 {[%clk 1:00:30]} 20. Qg3 {[%clk 0:26:32]} Be4
{[%clk 1:00:15]} 21. b4 {[%clk 0:24:43]} Qa6 {[%clk 1:00:01]} 22. Bb3
{[%clk 0:23:27]} Bd5 {[%clk 0:57:37]} 23. Nf4 {[%clk 0:18:43]} Nf6
{[%clk 0:56:15]} 24. Be5 {[%clk 0:13:55]} Bxb3 {[%clk 0:51:21]} 25. axb3
{[%clk 0:13:54]} Qb6 {[%clk 0:50:53]} 26. Qd3 {[%clk 0:11:22]} Rad8
{[%clk 0:47:27]} 27. Qc4 {[%clk 0:09:15]} Ne4 {[%clk 0:41:49]} 28. Bxg7
{[%clk 0:09:36]} Kxg7 {[%clk 0:42:07]} 29. f3 {[%clk 0:08:53]} Ng5
{[%clk 0:40:27]} 30. h4 {[%clk 0:07:42]} Qc7 {[%clk 0:39:39]} 31. d5
{[%clk 0:07:40]} Ne4 {[%clk 0:39:15]} 32. fxe4 {[%clk 0:02:37]} Qxf4
{[%clk 0:39:32]} 33. e5 {[%clk 0:01:50]} Qg3 {[%clk 0:37:12]} 34. dxc6
{[%clk 0:01:53]} bxc6 {[%clk 0:36:24]} 35. Qxc6 {[%clk 0:01:10]} Rxe5
{[%clk 0:35:59]} 36. Rxe5 {[%clk 0:01:18]} Qxe5 {[%clk 0:36:27]} 37. Qc5
{[%clk 0:01:24]} Rd5 {[%clk 0:36:17]} 38. Qxa7 {[%clk 0:00:54]} Qxc3
{[%clk 0:36:29]} 39. Rf1 {[%clk 0:00:49]} Qxb4 {[%clk 0:34:20]} 40. g3
{[%clk 0:00:41]} Qxb3 {[%clk 0:32:41]} 41. Qa1+ {[%clk 0:00:39]} f6
{[%clk 0:32:56]} 42. Qa7+ {[%clk 0:28:43]} Kh6 {[%clk 1:03:36]} 43. Qf2
{[%clk 0:24:05]} Qc3 {[%clk 0:59:46]} 44. Kh1 {[%clk 0:18:58]} Rd2
{[%clk 0:59:12]} 45. Qf4+ {[%clk 0:18:21]} Kg7 {[%clk 0:59:35]} 46. Rf2
{[%clk 0:17:07]} Rd1+ {[%clk 0:57:34]} 47. Kh2 {[%clk 0:14:55]} Qe1
{[%clk 0:57:13]} 48. Qf3 {[%clk 0:14:01]} Qg1+ {[%clk 0:48:26]} 49. Kh3
{[%clk 0:14:25]} Qh1+ {[%clk 0:48:53]} 50. Qxh1 {[%clk 0:14:48]} Rxh1+
{[%clk 0:49:20]} 51. Kg2 {[%clk 0:15:11]} Ra1 {[%clk 0:49:41]} 52. Rb2
{[%clk 0:09:50]} g5 {[%clk 0:48:35]} 53. Rb7+ {[%clk 0:09:09]} Kg6
{[%clk 0:48:28]} 54. h5+ {[%clk 0:08:21]} Kxh5 {[%clk 0:48:39]} 55. Rxh7+
{[%clk 0:08:34]} Kg4 {[%clk 0:48:58]} 56. Rf7 {[%clk 0:07:54]} Ra2+
{[%clk 0:49:23]} 57. Kf1 {[%clk 0:08:13]} Kxg3 {[%clk 0:49:47]} 58. Rxf6
{[%clk 0:08:14]} f4 {[%clk 0:50:11]} 0-1

[Event "WCO2014"]
[Site "Tromso"]
[Date "2014.08.09"]
[Round "7.14"]
[WhiteID "10609970"]
[White "Wafa Shrook"]
[BlackID "5212499"]
[Black "Frayna Janelle Mae"]
[Result "0-1"]
[LiveChessVersion "1.4.3"]
[BlackElo "2205"]
[WhiteElo "2065"]

1. e4 {[%clk 1:30:57]} e6 {[%clk 1:30:44]} 2. d4 {[%clk 1:31:19]} d5
{[%clk 1:31:09]} 3. Nc3 {[%clk 1:31:39]} Bb4 {[%clk 1:31:34]} 4. Nge2
{[%clk 1:31:59]} dxe4 {[%clk 1:31:53]} 5. a3 {[%clk 1:32:21]} Bxc3+
{[%clk 1:32:19]} 6. Nxc3 {[%clk 1:32:45]} Nc6 {[%clk 1:32:32]} 7. Bb5
{[%clk 1:32:50]} Nge7 {[%clk 1:32:57]} 8. Nxe4 {[%clk 1:32:51]} Qd5
{[%clk 1:31:36]} 9. Qd3 {[%clk 1:33:05]} f5 {[%clk 1:31:22]} 10. Ng3
{[%clk 1:33:21]} Qxg2 {[%clk 1:31:31]} 11. Bf4 {[%clk 1:33:28]} Nd5
{[%clk 1:28:25]} 12. Bxc6+ {[%clk 1:33:09]} bxc6 {[%clk 1:28:51]} 13. Be5
{[%clk 1:33:22]} f4 {[%clk 1:27:51]} 14. Qe4 {[%clk 1:33:21]} Qh3
{[%clk 1:12:06]} 15. Bxf4 {[%clk 1:31:39]} O-O {[%clk 1:09:22]} 16. Be3
{[%clk 1:28:37]} c5 {[%clk 1:05:40]} 17. dxc5 {[%clk 1:22:54]} Bb7
{[%clk 1:05:20]} 18. Bd4 {[%clk 1:20:41]} Nb4 {[%clk 1:01:50]} 19. Qe2
{[%clk 1:15:33]} Bxh1 {[%clk 0:42:43]} 20. axb4 {[%clk 1:15:13]} Bf3
{[%clk 0:42:30]} 21. Qe5 {[%clk 1:15:23]} Rf7 {[%clk 0:41:46]} 22. Ne4
{[%clk 1:11:38]} h6 {[%clk 0:36:30]} 23. Kd2 {[%clk 1:05:02]} Qg2
{[%clk 0:33:04]} 24. Ng3 {[%clk 0:58:49]} Rd8 {[%clk 0:27:20]} 25. Kc3
{[%clk 0:58:44]} Rd5 {[%clk 0:25:57]} 26. Qxe6 {[%clk 0:58:25]} Qxh2
{[%clk 0:21:27]} 27. Be3 {[%clk 0:55:23]} Rdd7 {[%clk 0:19:06]} 28. Nf5
{[%clk 0:53:07]} Qh5 {[%clk 0:13:05]} 29. Nxh6+ {[%clk 0:52:56]} gxh6
{[%clk 0:12:27]} 30. Rg1+ {[%clk 0:53:11]} Kh7 {[%clk 0:12:29]} 31. Rg3
{[%clk 0:51:09]} Rde7 {[%clk 0:11:15]} 32. Qc8 {[%clk 0:50:51]} Rxe3+
{[%clk 0:11:24]} 0-1

[Event "WCO2014"]
[Site "Tromso"]
[Date "2014.08.09"]
[Round "7.15"]
[WhiteID "5204585"]
[White "Fronda Jan Jodilyn"]
[BlackID "10615873"]
[Black "Moaataz Ayah"]
[Result "1-0"]
[LiveChessVersion "1.4.3"]
[BlackElo "1954"]
[WhiteElo "2098"]

1. e4 {[%clk 1:30:56]} c6 {[%clk 1:30:56]} 2. d4 {[%clk 1:31:22]} d5
{[%clk 1:31:22]} 3. Nc3 {[%clk 1:31:47]} dxe4 {[%clk 1:31:45]} 4. Nxe4
{[%clk 1:32:12]} Nd7 {[%clk 1:32:05]} 5. Nf3 {[%clk 1:32:33]} Ngf6
{[%clk 1:32:15]} 6. Nxf6+ {[%clk 1:32:04]} Nxf6 {[%clk 1:32:38]} 7. Bd3
{[%clk 1:32:30]} Bg4 {[%clk 1:31:57]} 8. c3 {[%clk 1:32:53]} e6 {[%clk 1:32:05]}
9. Bg5 {[%clk 1:33:14]} Be7 {[%clk 1:32:13]} 10. h3 {[%clk 1:33:37]} Bh5
{[%clk 1:32:11]} 11. g4 {[%clk 1:31:12]} Bg6 {[%clk 1:32:15]} 12. Qe2
{[%clk 1:27:33]} Nd5 {[%clk 1:30:25]} 13. Bd2 {[%clk 1:26:31]} Qc7
{[%clk 1:28:29]} 14. Ne5 {[%clk 1:26:28]} Bd6 {[%clk 1:24:30]} 15. f4
{[%clk 1:24:07]} Bxd3 {[%clk 1:24:27]} 16. Qxd3 {[%clk 1:18:13]} f6
{[%clk 1:23:19]} 17. Nc4 {[%clk 1:12:28]} Bxf4 {[%clk 1:20:14]} 18. O-O-O O-O-O
{[%clk 1:19:35]} 19. Rhe1 {[%clk 1:09:54]} Bxd2+ {[%clk 1:15:47]} 20. Rxd2
{[%clk 1:07:11]} Nf4 {[%clk 1:14:42]} 21. Qe4 {[%clk 1:06:50]} g5
{[%clk 1:14:29]} 22. Ne3 {[%clk 1:05:12]} Rde8 {[%clk 1:08:16]} 23. Rf1
{[%clk 0:59:10]} Rhf8 {[%clk 1:00:18]} 24. h4 {[%clk 0:49:44]} h6
{[%clk 1:00:37]} 25. Kb1 {[%clk 0:45:12]} Qg7 {[%clk 0:52:41]} 26. Rh2
{[%clk 0:40:51]} Rh8 {[%clk 0:44:03]} 27. Rhf2 {[%clk 0:36:04]} Qh7
{[%clk 0:42:56]} 28. Qxh7 {[%clk 0:32:24]} Rxh7 {[%clk 0:43:20]} 29. Ng2
{[%clk 0:32:40]} Nxg2 {[%clk 0:40:55]} 30. Rxg2 {[%clk 0:33:08]} Rf8
{[%clk 0:41:19]} 31. Re2 {[%clk 0:32:53]} Kd7 {[%clk 0:41:27]} 32. Rfe1
{[%clk 0:32:40]} Re7 {[%clk 0:38:09]} 33. Kc2 {[%clk 0:32:54]} Rg8
{[%clk 0:30:26]} 34. Rf2 {[%clk 0:32:31]} Rf7 {[%clk 0:29:47]} 35. hxg5
{[%clk 0:29:44]} hxg5 {[%clk 0:29:23]} 36. Rfe2 {[%clk 0:30:07]} Re8
{[%clk 0:29:39]} 37. Kd3 {[%clk 0:30:31]} Rh7 {[%clk 0:28:34]} 38. a4
{[%clk 0:24:45]} Rh4 {[%clk 0:25:46]} 39. Rg1 {[%clk 0:24:17]} Rh3+
{[%clk 0:21:02]} 40. Kc4 {[%clk 0:24:16]} b6 {[%clk 0:18:44]} 41. a5
{[%clk 0:21:30]} Rf3 {[%clk 0:09:10]} 42. Rh2 {[%clk 0:19:12]} Re7
{[%clk 0:09:12]} 43. a6 {[%clk 0:18:20]} Rf4 {[%clk 0:07:15]} 44. Rh8
{[%clk 0:15:51]} e5 {[%clk 0:00:35]} 45. Ra8 {[%clk 0:15:21]} Kd6
{[%clk 0:27:22]} 46. Rd8+ {[%clk 0:44:44]} Ke6 {[%clk 0:25:23]} 47. Kb3
{[%clk 0:44:52]} e4 {[%clk 0:24:16]} 48. Kc4 {[%clk 0:45:11]} Rf2
{[%clk 0:22:43]} 49. Re1 {[%clk 0:44:54]} Rf4 {[%clk 0:20:49]} 50. Rg1
{[%clk 0:45:19]} Rh7 {[%clk 0:15:47]} 51. Rc8 {[%clk 0:42:30]} Kd6
{[%clk 0:13:38]} 52. Rd8+ {[%clk 0:42:56]} Rd7 {[%clk 0:10:04]} 53. Re8
{[%clk 0:37:38]} b5+ {[%clk 0:09:45]} 54. Kb4 {[%clk 0:37:53]} Kd5
{[%clk 0:08:59]} 55. b3 {[%clk 0:37:33]} Rf3 {[%clk 0:09:02]} 56. Re1
{[%clk 0:37:13]} Rf4 {[%clk 0:06:17]} 57. c4+ {[%clk 0:36:24]} bxc4
{[%clk 0:06:39]} 58. bxc4+ {[%clk 0:36:53]} Kd6 {[%clk 0:06:29]} 59. R8xe4
{[%clk 0:33:46]} Rxe4 {[%clk 0:06:41]} 60. Rxe4 {[%clk 0:34:15]} Re7
{[%clk 0:06:24]} 61. c5+ {[%clk 0:33:57]} Kd7 {[%clk 0:06:44]} 62. Rxe7+
{[%clk 0:34:23]} Kxe7 {[%clk 0:07:10]} 63. Kc4 {[%clk 0:34:50]} Ke6
{[%clk 0:07:12]} 64. d5+ {[%clk 0:34:24]} cxd5+ {[%clk 0:07:38]} 65. Kd4
{[%clk 0:34:53]} Kd7 {[%clk 0:02:08]} 66. Kxd5 {[%clk 0:35:18]} Kc7
{[%clk 0:01:29]} 67. Ke6 {[%clk 0:34:33]} Kc6 {[%clk 0:01:55]} 68. Kxf6
{[%clk 0:34:59]} Kxc5 {[%clk 0:02:20]} 69. Kxg5 {[%clk 0:35:26]} Kb5
{[%clk 0:02:45]} 70. Kf5 {[%clk 0:35:44]} Kxa6 {[%clk 0:03:10]} 71. g5
{[%clk 0:36:11]} Kb5 {[%clk 0:03:36]} 72. g6 {[%clk 0:36:35]} a5 {[%clk 0:04:03]}
73. g7 {[%clk 0:36:56]} Kb4 {[%clk 0:03:51]} 74. g8=Q {[%clk 0:37:15]} Ka3
{[%clk 0:04:11]} 75. Qg7 {[%clk 0:35:47]} 1-0

[Event "WCO2014"]
[Site "Tromso"]
[Date "2014.08.09"]
[Round "7.16"]
[WhiteID "10610529"]
[White "Abdelmenaem Sohayla"]
[BlackID "5202744"]
[Black "Perena Catherine"]
[Result "0-1"]
[LiveChessVersion "1.4.3"]
[BlackElo "2165"]
[WhiteElo "1782"]

1. d4 {[%clk 1:30:58]} d5 {[%clk 1:30:45]} 2. c4 {[%clk 1:31:23]} e6
{[%clk 1:29:55]} 3. Nc3 {[%clk 1:31:43]} Nf6 {[%clk 1:29:40]} 4. Bg5
{[%clk 1:32:01]} Be7 {[%clk 1:29:38]} 5. cxd5 {[%clk 1:32:07]} exd5
{[%clk 1:29:43]} 6. e3 {[%clk 1:32:26]} O-O {[%clk 1:29:46]} 7. Qc2
{[%clk 1:32:41]} h6 {[%clk 1:28:27]} 8. Bh4 {[%clk 1:32:41]} Re8 {[%clk 1:25:56]}
9. Bd3 {[%clk 1:32:18]} c6 {[%clk 1:24:28]} 10. Nge2 {[%clk 1:32:29]} Nbd7
{[%clk 1:23:42]} 11. O-O {[%clk 1:32:36]} Ne4 {[%clk 1:21:26]} 12. Bxe7
{[%clk 1:31:33]} Qxe7 {[%clk 1:21:42]} 13. Bxe4 {[%clk 1:28:27]} dxe4
{[%clk 1:18:34]} 14. Rfd1 {[%clk 1:28:17]} Nf6 {[%clk 1:16:04]} 15. d5
{[%clk 1:22:33]} Qe5 {[%clk 1:08:05]} 16. dxc6 {[%clk 1:06:16]} bxc6
{[%clk 1:07:32]} 17. Qa4 {[%clk 1:05:19]} Bg4 {[%clk 0:51:38]} 18. Rd2
{[%clk 0:52:49]} Bxe2 {[%clk 0:45:06]} 19. Nxe2 {[%clk 0:52:20]} Ng4
{[%clk 0:45:31]} 20. Ng3 {[%clk 0:50:42]} Re6 {[%clk 0:45:30]} 21. Rad1
{[%clk 0:44:04]} h5 {[%clk 0:40:44]} 22. Qd4 {[%clk 0:31:47]} Qc7
{[%clk 0:35:30]} 23. Qd7 {[%clk 0:26:43]} Qa5 {[%clk 0:28:49]} 24. Qb7
{[%clk 0:22:54]} Rf8 {[%clk 0:27:04]} 25. Rd7 {[%clk 0:18:24]} Qxa2
{[%clk 0:24:10]} 26. Nxh5 {[%clk 0:10:21]} Rh6 {[%clk 0:19:09]} 27. Nf4
{[%clk 0:05:19]} Nxh2 {[%clk 0:18:09]} 28. Qb4 {[%clk 0:03:50]} a5
{[%clk 0:07:49]} 29. Qxe4 {[%clk 0:02:31]} Ng4 {[%clk 0:08:14]} 30. Rd8
{[%clk 0:02:05]} Rh1+ {[%clk 0:08:24]} 31. Kxh1 {[%clk 0:01:47]} Nxf2+
{[%clk 0:08:51]} 32. Kh2 {[%clk 0:01:32]} Nxe4 {[%clk 0:09:13]} 33. Rxf8+
{[%clk 0:01:25]} Kxf8 {[%clk 0:09:31]} 34. Rc1 {[%clk 0:01:25]} Qxb2
{[%clk 0:09:27]} 35. Rxc6 {[%clk 0:01:44]} g5 {[%clk 0:09:04]} 36. Nd3
{[%clk 0:01:15]} Qe2 {[%clk 0:08:36]} 37. Ne5 {[%clk 0:00:42]} g4
{[%clk 0:08:29]} 0-1